| 000 | 00000ngm 2200000zi 4500 |
| 001 | 9.912089 |
| 003 | CaOODSP |
| 005 | 20250213134748 |
| 006 | m o c f |
| 007 | cr cn |||||||| |
| 008 | 220608e20210226mbc018 fo vlsgn d |
| 040 | |aCaOODSP|bfre|erda|cCaOODSP |
| 041 | 7|afcs|2ISO 639-3 |
| 043 | |an-cn--- |
| 086 | 1 |aBC92-115/2021F-MP4 |
| 245 | 00|aRecherche sur les services de relais vidéo : |bcomparaison internationale : rapport final / |cpréparé et soumis par le Canadian Centre on Disability Studies Inc., exerçant ses activités sous le nom d'Eviance. |
| 264 | 1|aWinnipeg : |bConseil de la radiodiffusion et des télécommunications canadiennes (CRTC), |cle 26 février 2021. |
| 300 | |a1 ressource en ligne (1 fichier vidéo (18 min., 18 sec.)) : |bmuet, couleur |
| 336 | |aimage animée bidimensionnelle|btdi|2rdacontent/fre |
| 337 | |ainformatique|bc|2rdamedia/fre |
| 338 | |aressource en ligne|bcr|2rdacarrier/fre |
| 500 | |aTitre du titre d'écran. |
| 500 | |aPublié aussi en anglais sous le titre : Video relay service research : international comparison : final report. |
| 538 | |aConfiguration requise : Logiciel de lecture multimédia tels que Lecteur Windows Media. |
| 538 | |aMode d'accès : World Wide Web. |
| 546 | |aEn langue des signes québécoise. |
| 650 | 6|aAppareils de télécommunication pour sourds. |
| 650 | 6|aVisiophone. |
| 655 | 7|aVidéos pour personnes handicapées auditives|2rvmgf |
| 655 | 7|aVidéos sur Internet|2rvmgf |
| 710 | 2 |aConseil de la radiodiffusion et des télécommunications canadiennes, |eorganisme de publication. |
| 710 | 2 |aCanadian Centre on Disability Studies, |eorganisme de publication. |
| 775 | 08|tVideo relay service research : |w(CaOODSP)9.912083 |
| 856 | 40|qMP4|s417.63 Mo|uhttps://publications.gc.ca/collections/collection_2022/crtc/BC92-115-2021-fcs.mp4 |